[Event "BIH-chT 22nd"]
[Site "Neum"]
[Date "2024.09.07"]
[Round "8.3"]
[White "Jovanovic, Zoran"]
[Black "Klajic, Marko"]
[Result "1-0"]
[WhiteElo "2525"]
[BlackElo "1889"]
[PlyCount "80"]
[EventDate "2024.09.01"]
[EventType "team-tourn"]
[EventRounds "9"]
[EventCountry "BIH"]
[SourceTitle "EXT 2025"]
[Source "ChessBase"]
[SourceDate "2024.10.14"]
[SourceVersion "1"]
[SourceVersionDate "2024.10.14"]
[SourceQuality "1"]

1. e4 d5 2. exd5 Qxd5 3. Nf3 Nf6 4. d4 Bg4 5. Be2 e6 6. h3 Bh5 7. 0-0 Be7 8. c4 Qd8 9. Qb3 b6 10. Bg5 0-0 11. Nc3 Nc6 12. Qa4 Na5 13. Rfd1 Qe8 14. Qxe8 Rfxe8 15. g4 Bg6 16. Ne5 Bd6 17. Bf3 Rad8 18. Nc6 Nxc6 19. Bxc6 Rf8 20. Rac1 a6 21. a3 h6 22. Be3 e5 23. d5 Ne4 24. b4 Nxc3 25. Rxc3 Rb8 26. c5 bxc5 27. bxc5 Be7 28. d6 Bd8 29. dxc7 Bxc7 30. Rd7 Ba5 31. Rc1 f5 32. gxf5 Bxf5 33. Ra7 Bd3 34. Re7 Rb2 35. Rxe5 Bd2 36. Bxd2 Rxd2 37. Bd5+ Kh7 38. c6 Rfxf2 39. c7 Rc2 40. c8Q Rf1+ 1-0

[Event "BIH-chT 22nd"]
[Site "Neum"]
[Date "2024.09.03"]
[Round "3.4"]
[White "Klajic, Marko"]
[Black "Hodzic, Nihad"]
[Result "0-1"]
[WhiteElo "1889"]
[BlackElo "2254"]
[PlyCount "96"]
[EventDate "2024.09.01"]
[EventType "team-tourn"]
[EventRounds "9"]
[EventCountry "BIH"]
[SourceTitle "EXT 2025"]
[Source "ChessBase"]
[SourceDate "2024.10.14"]
[SourceVersion "1"]
[SourceVersionDate "2024.10.14"]
[SourceQuality "1"]

1. d4 Nf6 2. Nf3 c5 3. c3 b6 4. g3 Bb7 5. Bg2 e6 6. 0-0 Be7 7. Bg5 h6 8. Bxf6 Bxf6 9. Re1 0-0 10. e4 Nc6 11. d5 exd5 12. exd5 Ne7 13. Ne5 Bxe5 14. Rxe5 d6 15. Re1 Qd7 16. a4 Rae8 17. c4 Ng6 18. Nc3 Ne5 19. b3 Bc8 20. Qd2 Qg4 21. Re3 a6 22. Ne4 Qg6 23. h3 Bxh3 24. Bh1 f5 25. Nxd6 Qxd6 26. Rae1 Kf7 27. f3 Nd7 28. Kh2 Rxe3 29. Qxe3 f4 30. Qd3 fxg3+ 31. Kxh3 Nf6 32. Re6 Qf4 33. Qe3 Qf5+ 34. Kxg3 Nh5+ 35. Kh2 Nf4 36. Re7+ Kg8 37. Qe5 Qh3+ 38. Kg1 Qg3+ 39. Kf1 Qh3+ 40. Kg1 Rf6 41. Rxg7+ Kxg7 42. Qe7+ Rf7 43. Qe5+ Kh7 44. Qe4+ Qf5 45. Qxf5+ Rxf5 46. Kf2 Kg7 47. Ke3 Kf6 48. Ke4 Rh5 0-1